Countries - Alphabetically - Statistics

General Stats
  • This quiz has been taken 50 times
  • The average score is 22 of 40
Answer Stats
Hint Answer % Correct
Top 5 countries Albania
98%
Top 5 countries Afghanistan
95%
Top 5 countries Algeria
93%
Bottom 5 countries Zambia
93%
Bottom 5 countries Zimbabwe
93%
Bottom 5 countries (letters sorted alphabetically Z-A) Zwmiebba / Zimbabwe
93%
Top 5 countries Andorra
90%
Bottom 5 countries Yemen
88%
Bottom 5 countries Venezuela
85%
Bottom 5 countries (letters sorted alphabetically Z-A) zVunleeea / Venezuela
85%
Top 5 countries Angola
83%
Bottom 5 countries Vietnam
80%
Top 5 countries (letters sorted alphabetically A-Z) AaaaaBbddginnrtuu / Antigua and Barbuda
71%
Bottom 5 countries (reversed names) ylatI / Italy
59%
Bottom 5 countries (reversed names) ynamreG / Germany
59%
Top 5 countries (reversed names) abuC / Cuba
56%
Top 5 countries (reversed names) acinimoD / Dominica
56%
Top 5 countries (reversed names) aciamaJ / Jamaica
54%
Bottom 5 countries (letters sorted alphabetically A-Z) ekrTuy / Turkey
54%
Top 5 countries (letters sorted alphabetically Z-A) mJicaaa / Jamaica
54%
Bottom 5 countries (reversed names) yekruT / Turkey
54%
Bottom 5 countries (reversed names) yawroN / Norway
51%
Top 5 countries (reversed names) aciR atsoC / Costa Rica
49%
Bottom 5 countries (letters sorted alphabetically A-Z) Fiij / Fiji
41%
Top 5 countries (letters sorted alphabetically Z-A) jiiF / Fiji
41%
Bottom 5 countries (letters sorted alphabetically Z-A) ZwNnleedaa / New Zealand
41%
Top 5 countries (letters sorted alphabetically A-Z) aaabdddgiinnoorTT / Trinidad and Tobago
39%
Top 5 countries (letters sorted alphabetically Z-A) liheC / Chile
39%
Top 5 countries (letters sorted alphabetically A-Z) aaaacdgMrs / Madagascar
37%
Top 5 countries (letters sorted alphabetically A-Z) aAabCcceefiillnnprrRtu / Central African Republic
37%
Top 5 countries (reversed names) acirfA htuoS / South Africa
34%
Bottom 5 countries (reversed names) yragnuH / Hungary
34%
Bottom 5 countries (letters sorted alphabetically Z-A) zwtSrnlieda / Switzerland
34%
Top 5 countries (letters sorted alphabetically A-Z) aAaabdiirSu / Saudi Arabia
32%
Bottom 5 countries (letters sorted alphabetically Z-A) zyytsrnKga / Kyrgyzstan
29%
Bottom 5 countries (letters sorted alphabetically A-Z) gooT / Togo
27%
Bottom 5 countries (letters sorted alphabetically A-Z) ePru / Peru
22%
Top 5 countries (letters sorted alphabetically Z-A) hdCa / Chad
22%
Bottom 5 countries (letters sorted alphabetically A-Z) Kooosv / Kosovo
20%
Top 5 countries (letters sorted alphabetically Z-A) miGbaa / Gambia
15%
No matching quizzes found
Score Distribution
Percent of People with Each Score
Percentile by Number Answered
Your Score History
You have not taken this quiz